000 01477nam a2200349 a 4500
001 ebr10728956
003 CaPaEBR
006 m o u
007 cr cn|||||||||
008 130220s2013 gw a sb 001 0 eng d
010 _z 2013007153
020 _z9783110303681 (hardcover : alk. paper)
020 _z9783110303698 (e-book)
040 _aCaPaEBR
_cCaPaEBR
035 _a(OCoLC)852656171
050 1 4 _aPA6011
_b.G457 2013eb
082 0 4 _a870.9/001
_223
245 0 0 _aGeneric interfaces in Latin literature
_h[electronic resource] :
_bencounters, interactions and transformations /
_cedited by Theodore D. Papanghelis, Stephen J. Harrison and Stavros Frangoulidis.
260 _aBerlin :
_bDe Gruyter,
_c2013.
300 _aix, 478 p. :
_bill.
440 0 _aTrends in classics.
_pSupplementary volumes,
_x1868-4785 ;
_vv. 20
504 _aIncludes bibliographical references and indexes.
533 _aElectronic reproduction.
_bPalo Alto, Calif. :
_cebrary,
_d2013.
_nAvailable via World Wide Web.
_nAccess may be limited to ebrary affiliated libraries.
650 0 _aLatin literature
_xHistory and criticism.
650 0 _aLiterary form.
655 7 _aElectronic books.
_2local
700 1 _aPapanghelis, Theodore D.
700 1 _aHarrison, S. J.
700 1 _aFrangoulidis, Stavros A.
710 2 _aebrary, Inc.
856 4 0 _uhttp://site.ebrary.com/lib/rucke/Doc?id=10728956
_zAn electronic book accessible through the World Wide Web; click to view
999 _c151650
_d151650